| 000 | 01262cas a2200349 i 4500 | ||
|---|---|---|---|
| 999 |
_c200449543 _d67755 |
||
| 001 | 200449543 | ||
| 003 | TR-AnTOB | ||
| 005 | 20230728083559.0 | ||
| 007 | ta | ||
| 008 | 030610s20019999tu 000 tur d | ||
| 020 | _a975192877X (volume 2000) | ||
| 020 | _a9751927358 (volume 1999) | ||
| 022 | _a1301-9864 | ||
| 035 | _a(TR-AnTOB)200449543 | ||
| 040 |
_aT9K _beng _erda _cT9K _dTR-AnTOB |
||
| 041 | 0 |
_atur _aeng |
|
| 050 | 4 |
_aHV9191.93.A5 _bG88 |
|
| 090 |
_aHV9191.93.A5 _bG88 |
||
| 245 | 0 | 0 |
_aGüvenlik birimine gelen veya getirilen çocuk istatistikleri : _b(seçilmiş 27 il) = Statistics on juvenile received into security unit : (selected 27 provinces). |
| 246 | 3 | _aStatistics on juvenile received into security unit : (selected 27 provinces). | |
| 264 | 1 |
_aAnkara : _bDevlet İstatistik Enstitüsü, _c2001. |
|
| 300 |
_avolumes : _btables ; _c28 cm |
||
| 336 |
_atext _btxt _2rdacontent |
||
| 337 |
_aunmediated _bn _2rdamedia |
||
| 338 |
_avolume _bnc _2rdacarrier |
||
| 490 | 0 |
_aDevlet İstatistik Enstitüsü ; _vYayın no. 2451, 2492 |
|
| 650 | 7 |
_aÇocuk suçlular _zTürkiye _2etuturkob _9121682 |
|
| 710 | 2 |
_aDevlet İstatistik Enstitüsü (Turkey) _986134 |
|
| 942 |
_2lcc _cCR |
||